La democracia deliberativa /

Compilación de investigaciones sobre la práctica de la democracia deliberativa. Estudios en los que se evaluan sus ventajas y méritos en comparación con otros modelos de la toma de decisión colectiva y analizan las situaciones en que las deliberaciones refuerzan la calidad de las decisiones. Los aut...

Celý popis

Uloženo v:
Podrobná bibliografie
Hlavní autor: Elster, Jon (comp.)
Médium: Kniha
Jazyk:španělština
Vydáno: Barcelona, España : Gedisa, 2001, c2001
Edice:(Cla-De-Ma Sociología)
Témata:
Tagy: Přidat tag
Žádné tagy, Buďte první, kdo vytvoří štítek k tomuto záznamu!

MARC

LEADER 00000nam^a2200000^a^4500
001 000130681
005 20250521000000.0
009 20260310094955.294
020 |a 84-7432-717-2 
037 |a Acervo ITESO - Biblioteca 
041 |a ESP 
082 |a 320. 01  |b ELS 
100 |a Elster, Jon  |e (comp.) 
245 1 3 |a La democracia deliberativa /  |c Comp. de J. Elster ; tr. por José María Lebrón. 
264 4 |a Barcelona, España :  |b Gedisa,  |c 2001, c2001 
300 |a 348 p. 
336 |a texto  |b txt  |2 rdacontenido 
337 |a sin mediación  |b n  |2 rdamedio 
338 |a volumen  |b nc  |2 rdasoporte 
440 1 |a (Cla-De-Ma  |p Sociología) 
500 |a Traducción de: Deliberative Democracy 
520 |a Compilación de investigaciones sobre la práctica de la democracia deliberativa. Estudios en los que se evaluan sus ventajas y méritos en comparación con otros modelos de la toma de decisión colectiva y analizan las situaciones en que las deliberaciones refuerzan la calidad de las decisiones. Los autores no pretenden demostrar que la democracia deliberativa es siempre el recurso ideal, sino muestran también sus límites y debilidades. 
649 |a XX 
650 |a Libertad 
650 |a Democracia 
650 |a Sociología Política 
650 |a Política -  |x Teoría 
910 |a Fondo General 
920 |a Impresos - Libros 
930 |a Colección General 
905 |a 101 
901 |a 0500060461  |b IT1  |c ACC  |u 20250521 
902 |a https://opac.biblio.iteso.mx/vufind/Record/000130681